STANDARD HANDBOOK OF POWER PLANT ENGINEERING (Record no. 574066)

000 -LEADER
fixed length control field 00310nam a22001217a 4500
020 ## - INTERNATIONAL STANDARD BOOK NUMBER
International Standard Book Number 0-07-019106-9
082 ## - DEWEY DECIMAL CLASSIFICATION NUMBER
Classification number 621.3121 STR'E
100 ## - MAIN ENTRY--PERSONAL NAME
Personal name ELLIOTT, THOMAS C
9 (RLIN) 66015
245 ## - TITLE STATEMENT
Title STANDARD HANDBOOK OF POWER PLANT ENGINEERING
260 ## - PUBLICATION, DISTRIBUTION, ETC.
Place of publication, distribution, etc. NEWYORK
Name of publisher, distributor, etc. MCGRAW HILL
Date of publication, distribution, etc. 1989
300 ## - PHYSICAL DESCRIPTION
Extent XIV, 6.145P
942 ## - ADDED ENTRY ELEMENTS (KOHA)
Koha item type Book
Holdings
Withdrawn status Lost status Damaged status Not for loan Permanent Location Current Location Shelving location Date acquired Total Checkouts Full call number Barcode Date last seen Price effective from Koha item type
        College of Electrical & Mechanical Engineering (CEME) College of Electrical & Mechanical Engineering (CEME) Reference 07/28/2017   621.3121 STR'E CEME-26754 06/28/2021 06/28/2021 Book
© 2023 Central Library, National University of Sciences and Technology. All Rights Reserved.